Detroit suburbs - Statistics

General Stats
  • This quiz has been taken 300 times
  • The average score is 21 of 60
Answer Stats
Answer % Correct
Dearborn
80%
Warren
80%
Sterling Heights
67%
Royal Oak
66%
Livonia
65%
Troy
65%
Novi
64%
Pontiac
64%
Grosse Pointe
62%
Farmington Hills
61%
Southfield
61%
Dearborn Heights
57%
Rochester Hills
55%
Hamtramck
50%
Taylor
50%
Birmingham
47%
Bloomfield
46%
Romulus
45%
Auburn Hills
44%
Westland
43%
Highland Park
42%
Plymouth
42%
Allen Park
41%
Canton
40%
Detroit
36%
Ferndale
34%
Northville
34%
Wayne
33%
Wyandotte
31%
Oak Park
30%
Redford
30%
Inkster
29%
Madison Heights
29%
Southgate
29%
Eastpointe
28%
West Bloomfield
28%
Clinton
26%
Grosse Pointe Park
26%
Lincoln Park
26%
Grosse Pointe Woods
25%
Roseville
24%
Clawson
21%
Berkley
19%
Harper Woods
19%
Saint Clair Shores
19%
Trenton
19%
Waterford
18%
Hazel Park
17%
Shelby
17%
Woodhaven
17%
Grosse Ile
16%
Melvindale
16%
Flat Rock
14%
Fraser
14%
Mount Clemens
14%
Brownstown
11%
Riverview
11%
Harrison
10%
Huntington Woods
10%
Chesterfield
9%
No matching quizzes found
Score Distribution
Percent of People with Each Score
Percentile by Number Answered
Your Score History
You have not taken this quiz